MDQL
is popping MORE tags! Check the
thread
!
Quizzes
Events
Quiz Creation
Community
Videos
Private Events
Remove Ads
Sign In
Join for FREE
Feedback
Dark Mode
Quiz Categories
Sports
Geography
Music
Movies
Television
Just For Fun
Miscellaneous
History
Literature
Language
Science
Gaming
Entertainment
Religion
Holiday
For Kids
Quiz Lab
Recent
Popular Today
Quiz Kudos Today
Editor Picks
Curator Picks
Quizzes by...
Day
Popularity
Type
Ratings
Length
Year
Community
Subscriptions
Recent Discussions
Orange Saloon
Badges
Playlists
Quests
Create
Leaderboards
Showdown
Live 5
Trivia Bingo
Activity
Puzzle Library
Sporcle Events
Private Events
Virtual Trivia
Globe League
Become a Host
Pub Owners
SporcleCon
Opinionation
Our Games
Videos
Blog
Mobile Apps
Partnerships
Remove Ads and Go Orange
Feedback
Gaming
Video Games
Board Games
Card Games
Pokémon
Mario
Nintendo
Minecraft
Console
Toys
Legend of Zelda
Gaming
Video Games
Board Games
Card Games
Pokémon
Mario
Nintendo
Minecraft
Console
Toys
Legend of Zelda
Random Quiz
Search Sporcle
×
Quiz Lab
Quiz Lab
Gaming
GTA
Type in answers that appear in a list
Type in answers that appear in a list
Classic
Best Score? Go Orange.
GTA Weapons Stats
Can you name the GTA Weapons
By
James_BondMadMan
10m
85 Questions
145 Plays
145 Plays
145 Plays
Comments
Comments
Give Quiz Kudos
Give Quiz Kudos
-
- Ratings
hide this ad
More Info
Replay
Link that replays current quiz
Next Quiz
Link to next quiz in quiz playlist
You Got
0%
They Got
Avg Score
20%
Avg Friend Score
Upgrade to see
Score Distribution
Jump to the score distribution portion of the page
Score
0/85
Timer
10:00
0
Plays Today
Category
Answer
% Correct
Melee
Baseball Bat
74.5%
Melee
Knife
73.8%
Handguns
Pistol
66.9%
Heavy Weaponary
RPG
46.2%
Heavy Weaponary
Minigun
46.2%
Projectiles
Grenade
46.2%
Melee
Golfclub
44.1%
Melee
Fists
42.1%
Melee
Nightstick
40.7%
Melee
Dildo
36.6%
Melee
Chainsaw
35.9%
Sniper Rifles
Sniper Rifle
35.9%
Assault Rifles
Assault Rifle
35.2%
Projectiles
Molotov Cocktails
34.5%
Melee
Katana
33.8%
Submachine Guns
SMG
33.8%
Melee
Hammer
33.1%
Melee
Machete
32.4%
Melee
Brass Knuckles
31.7%
Melee
Crowbar
29.7%
Projectiles
StickyBomb
29.7%
Melee
Broken Bottle
26.9%
Submachine Guns
Uzi 9mm
26.9%
Melee
Flowers
25.5%
Shotguns
Pump Shotgun
25.5%
Handguns
Combat Pistol
24.8%
Heavy Weaponary
Flame Thrower
24.8%
Melee
Pool Cue
24.1%
Handguns
Heavy Pistol
24.1%
Category
Answer
% Correct
Handguns
AP Pistol
23.4%
Melee
Fire Axe
23.4%
Shotguns
Sawed Off Shotgun
22.8%
Melee
Vibrator
22.1%
Submachine Guns
MP
22.1%
Melee
Meat Cleaver
22.1%
Submachine Guns
Micro SMG
21.4%
Light Machine Guns
MG
21.4%
Shotgun
Combat Shotgun
21.4%
Sniper Rifles
Heavy Sniper
21.4%
Heavy Weaponary
Grenade Launcher
21.4%
Melee
Cane
20.7%
Melee
Screwdriver
20%
Projectiles
Tear Gas
20%
Shotguns
Assault Shotgun
19.3%
Assault Rifles
Carbine Rifle
18.6%
Sniper Rifles
Rifle
17.9%
Light Machine Guns
Combat MG
17.2%
Miscelaneous
Jerry Can
17.2%
Handguns
Pistol .50
15.9%
Melee
Shovel
15.2%
Melee
Sword
15.2%
Handguns
Stun Gun
15.2%
Handguns
Silenced Pistol
15.2%
Miscelaneous
Camera
14.5%
Shotguns
S.P.A.S 12
12.4%
Assault Rifles
Advanced Rifle
11.7%
Assault Rifles
Special Carbine
11.7%
Shotguns
Bullpup Shotgun
11%
Category
Answer
% Correct
Miscelaneous
Spray Can
11%
Miscelaneous
Fire Extinguisher
11%
Shotguns
Stubby Shotgun
10.3%
Submachine Guns
Assault SMG
9.7%
Projectiles
Pipe Bomb
9.7%
Melee
Hockey Stick
9%
Assault Rifles
Ruger
8.3%
Handguns
Colt .45
5.5%
Melee
Chisel
5.5%
Sniper Rifles
PSG-1
4.8%
Miscelaneous
Parachute
4.8%
Light Machine Guns
Assault MG
4.1%
Miscelaneous
Detonator
4.1%
Miscelaneous
Skate Board
4.1%
Sniper Rifles
Advanced Sniper
3.4%
Projectiles
BZ Gas
3.4%
Sniper Rifles
Laser Sniper
2.8%
Sniper Rifles
Combat Sniper
2.8%
Melee
Gaff Hook
2.8%
Light Machine Guns
Advanced MG
2.1%
Handguns
Colt .357
1.4%
Submachine Guns
Gold SMG
1.4%
Heavy Weaponary
Heatseeking Rockets
1.4%
Miscelaneous
Night Vision Goggles
1.4%
Miscelaneous
Car Bombs
1.4%
Handguns
Desert Eagle Pistol
0.7%
Miscelaneous
Thermal Vision
0.7%
Quiz Playlist
Details
Report
Send in Message
Add To Playlist
More Info:
Guns go by name only and not appearance e.g. Pistol changes appearance in most of the gta games
Classic:
Type in answers that appear in a list
Last Updated: Feb 16, 2017
Quiz Scoreboard
CHALLENGE
Sign Up to Join the Scoreboard
Show All
Scores
Hide
Comments
May contain spoilers
Recently Published
5x2 Blitz: Bands
by SL_Kpop136
Music
30s
Colored Red Africa Blitz
by spor1
Geography
30s
Find the 'City' Movie
by crazypaving
Movies
60s
More to Explore
Quiz From the Vault
Featured Blog Post
14 Easter Pick-up Lines to Find Eggs With
hide this ad
You Might Also Like...
Tags
Category
GTA
Weapons
Today's Top Quizzes in Gaming
Browse Gaming
hide this ad
Today's Top Quizzes in GTA
Browse GTA
Top Contributed Quizzes in Gaming
1
Destiny 2 exotic weapons by perk icons
2
Legendary or Exotic?
3
Dead By Daylight Logic Puzzle
4
Genshin murder mystery
5
League of Legends Pro Players by Career/Team History
6
Overwatch Logic Puzzle
7
Stardew Mayhem 2: Electric Boogaloo
8
Windmill: Elements
9
Arcade Game Bunker
10
Valorant Utility Use (Up to Clove)
Explore More
Trending Topics
Crossword
Harry Potter
Disney
Kpop
Marvel
NBA
Anime
Pokémon
NFL
WWE
Song
Soccer
Country
The Office
Puzzle
hide this ad
More By:
James_BondMadMan
Quiz
Plays
Rating
Category
Featured
Created
Word Ladder: Food and Drink
18,732
4.39
Just For Fun
Jul 31, 2015
Word Ladder: World Nations
13,161
4.54
Just For Fun
Jul 26, 2015
Word Ladder: Biology
12,013
4.20
Just For Fun
Mar 17, 2018
Did they die in GTA V
4,978
1.88
Gaming
Apr 27, 2014
Shady Countries
3,598
4.75
Geography
Aug 5, 2015
Go to Creator's Profile
Score Distribution
Quiz Creator Spotlight
James_BondMadMan
Follow
Send a Message
Quizzes Created
-
Created Quiz Play Count
-
More By This Creator
Popular Quizzes Today
1
Find the 'City' Movie
2
5x2 Blitz: Bands
3
Colored Red Africa Blitz
4
Find the US States - No Outlines Minefield
5
The Countries of the World
6
Find the US States
7
9x9 Crossword: Cartoon Network
8
US States
More Gaming Quizzes
Nintendo Character Hodgepodge
Published
Trending Quizzes
Colored Red Europe Blitz I
Colored Red Africa Blitz II
Colored Red Europe Blitz III
Colored Red Europe Blitz II
Colored Red Africa Blitz III
Recently Updated
Champions League XIs: Real Madrid
pecheneg
Largest US Cities 1790-2010
pecheneg
Rides in Walt Disney World
pecheneg
Most Oscar Losses (Acting)
pecheneg
Beyoncé Albums
pecheneg
Leaping Animals
pecheneg
Reality TV Shows (A-Z)
bhenderson79
Rickey Henderson's Hall of Fame Teammates
pecheneg
Champions League XIs: Arsenal
pecheneg
Quick Pick: Celebrities in WWE's Hall of Fame
aduchscher
Trending Topics
Harry Potter
Kpop
Anime
Disney
NBA
Crossword
Marvel
NFL
Puzzle
Country
WWE
The Office
Song
Pokémon
Soccer
Your Account Isn't Verified!
In order to create a playlist on Sporcle, you need to verify the email address you used during registration. Go to your
Sporcle Settings
to finish the process.
Report this User
Report this user for behavior that violates our
Community Guidelines
.
Details:
Send Report
Go to the Sporcle.com Mobile Site →
Comments